Finančná matematika III

Gespeichert in:
Bibliographische Detailangaben
1. Verfasser: Pinda, Ľudovít, 1958-
Körperschaft: Ekonomická univerzita v Bratislave. Fakulta hospodárskej informatiky
Weitere Verfasser: Smažáková, Lenka, 1991-, Švábová, Lucia, Kaderová, Andrea
Format: Buch
Sprache:Slowakisch
Veröffentlicht: Bratislava Vydavateľstvo EKONÓM 2024
Ausgabe:1. vydanie
Schlagworte:
Tags: Tag hinzufügen
Keine Tags, Fügen Sie das erste Tag hinzu!

MARC

LEADER 00000nam a2200000 4500
001 0300478
005 20260130092543.2
020 |a 978-80-225-5138-0 
041 0 |a slo 
044 |a SK 
245 1 0 |a Finančná matematika III  |c Ľudovít Pinda, Lenka Smažáková ; recenzovali: Lucia Švábová, Andrea Kaderová 
250 |a 1. vydanie 
264 1 |a Bratislava  |b Vydavateľstvo EKONÓM  |c 2024 
300 |a 143 s. [7,73 AH] 
610 2 0 |a matematika finančná 
610 2 0 |a trh finančný 
610 2 0 |a investovanie 
610 2 0 |a teória portfólia 
610 2 0 |a sadzby úrokové 
610 2 0 |a poistenie 
100 1 |a Pinda, Ľudovít, 1958- 
700 1 |a Smažáková, Lenka, 1991- 
700 1 |a Švábová, Lucia 
700 1 |a Kaderová, Andrea 
710 2 |a Ekonomická univerzita v Bratislave. Fakulta hospodárskej informatiky